000 00487nam a2200157 i 4500
001 24268
003 ES-MaACL
005 20230906153022.0
007 t|
008 021216s1879 cl ||||1| spa d
100 1 _aAmunategui, Miguel Luis.
_921350
245 1 3 _aLa cuestión de límites entre Chile y la República Argentina /
_cMiguel Luis Amunategui.
260 _aSantiago de Chile :
_b[s.n.,
_c1879] (
_fImp. Nacional)
300 _a3 v. ;
_c26 cm.
852 _aES-MaACL
_jF-11298-300
999 _c24268
_d24268